|
|
|
|
| LEADER |
00832nam a22001937a 4500 |
| 008 |
190410b xxu||||| |||| 00| 0 eng d |
| 999 |
|
|
|c 26264
|d 26264
|
| 020 |
|
|
|a 9789381271292
|
| 082 |
|
|
|a 155.2
|b CHU
|
| 100 |
|
|
|a ചുള്ളിമാനൂര്, എസ്. ഡി.
|
| 240 |
|
|
|a Jeevitham sundaram
|
| 245 |
|
|
|a ജീവിതം സുന്ദരം /
|c എസ്. ഡി. ചുള്ളിമാനൂര്
|
| 260 |
|
|
|a തിരുവനന്തപുരം :
|b കളിവീണ പബ്ലിക്കേഷന്സ്,
|c 2016.
|
| 300 |
|
|
|a 104p.
|
| 650 |
|
|
|a Novel
|
| 650 |
|
|
|a നോവല്
|
| 700 |
|
|
|a Chullimanoor, S. D.
|
| 942 |
|
|
|2 ddc
|c BK
|
| 952 |
|
|
|0 0
|1 0
|2 ddc
|4 0
|6 155_200000000000000_CHU
|7 0
|9 35990
|a MAIN
|b MAIN
|d 2019-04-10
|e Prabhath Book House
|g 100.00
|o 155.2 CHU
|p 34353
|r 2019-04-10
|t 1
|w 2019-04-10
|y BK
|